Fish ecology
This is intended as an introduction for advanced undergraduates and postgraduates in marine ecology, freshwater ecology, fish biology, fisheries ecology and aquaculture. It adopts a habitat-based approach, ranging from head waters to ocean depths, and from tropics to polar regions, thereby loosely r...
Salvato in:
| Autore principale: | |
|---|---|
| Natura: | Libro |
| Lingua: | Undetermined |
| Pubblicazione: |
New York
Chapman & Hall
1992
|
| Soggetti: | |
| Tags: |
Aggiungi Tag
Nessun Tag, puoi essere il primo ad aggiungerne! !
|
| Thư viện lưu trữ: | Trung tâm Học liệu Trường Đại học Cần Thơ |
|---|
| LEADER | 00934nam a2200205Ia 4500 | ||
|---|---|---|---|
| 001 | CTU_149186 | ||
| 008 | 210402s9999 xx 000 0 und d | ||
| 082 | |a 597/.05 | ||
| 082 | |b W918 | ||
| 100 | |a Wootton, R.J. | ||
| 245 | 0 | |a Fish ecology | |
| 245 | 0 | |c R.J. Wootton | |
| 260 | |a New York | ||
| 260 | |b Chapman & Hall | ||
| 260 | |c 1992 | ||
| 520 | |a This is intended as an introduction for advanced undergraduates and postgraduates in marine ecology, freshwater ecology, fish biology, fisheries ecology and aquaculture. It adopts a habitat-based approach, ranging from head waters to ocean depths, and from tropics to polar regions, thereby loosely reflecting the organization of general ecology textbooks and demonstrating how the principles of contemporary ecology can be applied to fishes. | ||
| 650 | |a Fishes | ||
| 650 | |x Ecology | ||
| 904 | |i Trọng Hiếu | ||
| 980 | |a Trung tâm Học liệu Trường Đại học Cần Thơ | ||